000 00319cam a22001217a 4500
008 180718b1962 xxu||||| |||| 00| 0 eng d
082 _aT1 R563ep
100 _aRobinson, Joan
245 _aEconomic philosophy
_cby Joan Robinson
260 _aLondon
_bC.A. Watts
_c1962
300 _a150p.
650 _aEconomic-Philosophy
999 _c432921
_d432921